| 000 | 00468nam a22001577a 4500 | ||
|---|---|---|---|
| 008 | 230731b |||||||| |||| 00| 0 eng d | ||
| 020 | _a978-9198094251 | ||
| 050 |
_aRS160 _b.S26 2015 |
||
| 100 | _aSamuelsson, Gunnar | ||
| 245 |
_aDrugs of natural origin : _bA treatise of pharmacognosy/ by _cGunnar Samuelsson and Lars Bohlin |
||
| 250 | _a7th ed. | ||
| 260 |
_aSweden: _bApotekarsocieteten, _c2015. |
||
| 300 | _a807p. | ||
| 700 | _aBohlin, Lars | ||
| 942 |
_2lcc _cBK |
||
| 999 |
_c20199 _d20198 |
||